critical media studies: (Record no. 19712)

MARC details
000 -LEADER
fixed length control field 00460nam a22001697a 4500
008 - FIXED-LENGTH DATA ELEMENTS--GENERAL INFORMATION
fixed length control field 221027b |||||||| |||| 00| 0 eng d
020 ## - INTERNATIONAL STANDARD BOOK NUMBER
International Standard Book Number 9781119406129
050 ## - LIBRARY OF CONGRESS CALL NUMBER
Classification number P90
Item number .O88 2020
100 ## - MAIN ENTRY--PERSONAL NAME
Personal name Ott, Brian L.
245 ## - TITLE STATEMENT
Title critical media studies:
Remainder of title An introduction/
Statement of responsibility, etc. Brian L. Ott & Robert L. Mack
250 ## - EDITION STATEMENT
Edition statement 3rd ed.
260 ## - PUBLICATION, DISTRIBUTION, ETC. (IMPRINT)
Name of publisher, distributor, etc. Wiley Blackweii
Date of publication, distribution, etc. 2020
300 ## - PHYSICAL DESCRIPTION
Extent vii, 419p.
650 ## - SUBJECT ADDED ENTRY--TOPICAL TERM
Topical term or geographic name as entry element Mass media
700 ## - ADDED ENTRY--PERSONAL NAME
Personal name Mack, Robert L.
942 ## - ADDED ENTRY ELEMENTS (KOHA)
Source of classification or shelving scheme Library of Congress Classification
Koha item type General Collection
Holdings
Withdrawn status Lost status Source of classification or shelving scheme Not for loan Home library Current library Date acquired Cost, normal purchase price Inventory number Total Checkouts Full call number Barcode Date last seen Copy number Price effective from Koha item type
    Library of Congress Classification   Kabarak, Main Campus Kabarak, Main Campus 27/10/2022 5814.00 0666/2022   P90 .O88 2020 C.1 032185 27/10/2022 C.1 27/10/2022 General Collection
Designed with assistance from East African Informatics Ltd